000
00327nam a22001457a 4500
003
SGT
020
_a
978-93-83290
082
_a
615.19
_b
C18K
100
_a
KABRA,RUCHIKA
245
_a
CONCISE IN PHARMACEUTICAL CHEMISTRY-1
260
_a
JALANDHAR
_b
S.VIKASH
_c
2018
300
_a
176
650
_a
PHARMACY
942
_2
ddc
_c
BK
_0
4
999
_c
17357
_d
17357